| Поле | Название | Значение |
| |
Тип записи |
a |
| |
Библиографический уровень |
m |
| 001 |
Контрольный номер |
21b1317fe93245b9a1809be9a8ecef85 |
| 005 |
Дата корректировки |
20140619143812.2 |
| 010 |
Индекс ISBN |
__ |
| a |
ISBN |
978-5-394-02156-5 |
| d |
Цена |
140.00 |
| 101 |
Язык документа |
0_ |
| a |
Язык текста |
rus |
| 102 |
Страна публикации |
__ |
| a |
Страна публикации |
RU |
| 200 |
Заглавие и сведения об ответственности |
1_ |
| a |
Заглавие |
Основы маркетинга |
| e |
Сведения, относящиеся к заглавию |
учеб. пособие |
| b |
Общее обозначение материала |
Текст |
| f |
Первые сведения об ответственности |
Ю. В. Морозов |
| 205 |
Сведения об издании |
__ |
| a |
Основные сведения об издании |
8-е изд., испр. и доп. |
| 210 |
Выходные данные |
1_ |
| d |
Дата издания |
2013 |
| c |
Издательство |
Дашков и К |
| a |
Место издания |
М. |
| 215 |
Физическое описание |
__ |
| a |
Объем |
146, [2] с. |
| 610 |
Ключевые слова |
0_ |
| a |
Ключевые слова |
учебное пособие |
| 610 |
Ключевые слова |
0_ |
| a |
Ключевые слова |
маркетинг |
| 610 |
Ключевые слова |
0_ |
| a |
Ключевые слова |
рынок |
| 610 |
Ключевые слова |
0_ |
| a |
Ключевые слова |
конъюнктура |
| 610 |
Ключевые слова |
0_ |
| a |
Ключевые слова |
спрос |
| 610 |
Ключевые слова |
0_ |
| a |
Ключевые слова |
товары |
| 610 |
Ключевые слова |
0_ |
| a |
Ключевые слова |
потребности |
| 686 |
Индексы других классификаций |
__ |
| a |
Классификационный индекс |
65.050.9(2)24я73 |
| 2 |
Код системы |
rubbk |
| 700 |
Автор |
_1 |
| a |
Фамилия |
Морозов |
| b |
Имя |
Ю.В. |
| g |
Полное личное имя |
Юрий Владимирович |
| 801 |
Источник записи |
_0 |
| a |
Страна |
RU |
| b |
Организация |
РУК |
| c |
Дата составления |
20140109 |
| g |
Правила каталогизации |
PSBO |
| 801 |
Источник записи |
_1 |
| a |
Страна |
RU |
| b |
Организация |
РУК |
| c |
Дата составления |
20140109 |
| g |
Правила каталогизации |
PSBO |
| 852 |
Данные о местонахождении |
__ |
| j |
Шифр хранения |
ББК 65.050 |
| i |
Авторский знак |
М 80 |
| 901 |
Тип документа |
__ |
| t |
Тип документа |
m |
| 912 |
Принадлежность преподавателя к РУК |
__ |
| a |
Принадлежность преподавателя к РУК |
преподаватель Головного вуза |
| 938 |
Служебная информация |
__ |
| a |
Название организации |
Головной вуз |
| b |
Имя БД |
BOOK |
| c |
Название АИБС |
АИБС ИРБИС |